Statistics for Sun Gods

Click here to take the quiz!

General Stats

  • This quiz has been taken 14 times
  • The average score is 4 of 10

Answer Stats

HintAnswer% Correct
EgyptianRa
100%
GreekApollo, Helios
86%
JapaneseAmaterasu
43%
MesopotamianShamash
29%
IrishLugh
21%
IncaViracocha
21%
RomanApollo
21%
VikingBalder
14%
AztecNanahuatzin/Tonatiuh
14%
RussianPerun
14%

Score Distribution

Percentile by Number Answered

Percent of People with Each Score

Your Score History

You have not taken this quiz